000 00740nam a2200217 a 4500
001 BRCA_7774
005 20190320210004.0
008 300913s1859----gw-a######---#000-0#ger-#
041 _ager
044 _agw
050 4 _aF1213
_b.S27 1859
100 1 _aSartorius, C.
_919250
245 1 0 _aMexico und die Mexicaner
_clandschaftsbilder und stizzen aus dem volksleben von C. Sartorius ; mit stahlstiche vorzuglicher meister nach original aufnahmen von Moritz Rugendas.
260 _aDarmstadt, Hesse, Alemania
_bG. G. Lange
_c1859
300 _a364 p.
_bil. a color, 17 láminas
500 _aX12
651 4 _aMéxico
_xDescripción y viajes
_9103
700 1 _aRugendas, Johann Moritz
_d1802-1858
_9795
902 _aGFM
942 _2lcc
_cB
999 _c7448
_d7448